Statistics for Top 20 Most Appearances

Click here to take the quiz!

General Stats

  • This quiz has been taken 7 times
  • The average score is 5 of 20

Answer Stats

NPlayerAppsGoalsYears ActiveTeamInternational Teams% Correct
9Gianluigi Buffon1,17501993-presentParma,
Juventus,
Paris Saint-Germain
Italy (U23,U21,U18,U17,U16,Seniors)
83%
10Xavi1,1481411997-2019Barcelona,
Al-Sadd
Spain (U23,U21,U20,U18,U17,Senior)
83%
6Cristiano Ronaldo1,2048562001-presentSporting Club de Portugal,
Manchester United,
Real Madrid,
Juventus,
Al-Nassr
Portugal (U23,U21,U20,U17,U15,Senior)
67%
19Lionel Messi1,0838342003-presentBarcelona,
Paris Saint-Germain,
Inter Miami
Argentina (U23,U20,Senior)
67%
1Peter Shilton1,489+11965-1997Leicester City,
Stoke City,
Nottingham Forest,
Derby County,
Plymouth Argyle,
Bolton Wanderers,
West Ham United,
Leyton Orients
England (u23,Youth,Schoolboys,Seniors)
67%
20Dani Alves1,080752001-presentBahia,
Sevilla,
Barcelona,
Juventus,
Paris Saint-Germain,
Sao Paulo,
UNAM
Brazil (Olympic,U20,Senior)
50%
13Iker Casillas1,12501996-2019Real Madrid,
Porto
Spain U21,U20,U18,U17,U16,U15,Seniors)
50%
14Javier Zanetti1,115311992-2014Talleres RE,
Banfield,
Inter Milan
Argentina (U23,Seniors)
33%
15Pat Jennings1,105+11961-1986Newry United,
Newry Town,
Watford,
Tottenham Hotspurs,
Arsenal
Northern Ireland (U23,U18,Seniors)
17%
3Ray Clemence1,259+01964-1988Notts County,
Scunthorpe United,
Liverpool,
St George-Budapest,
Tottenham Hotspurs
England (U23,Seniors)
17%
4Fábio1,256+01997-presentUniao Bandeirante,
Atlético Paranaense,
Vasco da Gama,
Cruzeiro,
Fluminense
Brazil (U23,U20,U17)
0%
7Frantisek Plánicka1,187+01918-1957Slovan Praha VII,
Union VII,
Staromestsky SK Olympia,
SK Bubenec,
Slavia Praha,
Rudá Hvezda VII
Czechoslovakia (amatuer,seniors)
0%
16Marcelinho Paraiba1,097+360+1991-2020Campinense,
Paraguacuense,
Santos,
Rio Branco,
Sao Paulo,
Marseille,
Gremio,
Hertha Berlin,
Trabzonspor,
VfL Wolfsburg,
Falmengo,
Cortiba,
Sport Recife,
Boa,
Fortazela,
Internacional de Lages,
Joinville,
Oeste,
Ypiranga,
Portguesa,
Treze,
Perilima
Brazil (Senior)
0%
2Paul Bastock1,289+01988-presentCambridge United,
Bath City,
Sabah FA,
Cheltenham Town,
Fisher Athletic,
Kettering Town,
Aylesbury United,
Boston United,
Dagenham & Redbridge,
St Albans City,
Rushden & Diamonds,
Worksop Town,
Royston Town,
St Noets Town,
Dunstable Town,
Stamford,
Corby Town,
Wisbech Town,
Grantham Town,
Pinchbeck United,
King's Lynn Town,
Deeping Rangers
England (C)
0%
17Robbie James1,095+185+1973-1998Swansea City,
Stoke City,
Queens Park Rangers,
Leicester City,
Bradford City,
Cardiff City,
Merthyr Tydfil,
Barry Town,
Inter Cardiff,
Llanelli,
Weston-super-Mare
Wales (U21,Senior)
0%
12Roberto Carlos1,141+129+1991-2011, 2015Uniao Sao Joao,
Plameiras,
Inter Milan,
Real Madrid,
Fenerbahce,
Corinthians Paulista,
Anzhi Makhachkala,
Delhi Dynamos
Brazil (Olympic,U20,Seniors)
0%
5Rogério Ceni1,2261291990-2015Sinop,
Sao Paulo
Brazil (Senior)
0%
8Tommy Hutchison1,178+81+1964-1994Dundonald Bluebell,
Alloa Athletic,
Blackpool,
Coventry City,
Seattle Sounders,
Manchester City,
Bulova,
Burnley,
Swansea City,
Merthyr Tydfil
Scotland (U23,Seniors)
0%
18Tony Ford1,083+126+1975-2001Grimsby Town,
Sunderland,
Stoke City,
West Bromwich Albion,
Bradford City,
Scunthorpe United,
Barrow,
Mansfield Town,
Rochdale
England (B)
0%
11Yasuhito Endo1,144+157+1995-presentKagoshima Mitsutaka,
Yokohoma Flugels,
Kyoto Purple Sanga,
Gamba Osaka,
Jubilo Iwata
Japan (U23,U20,U16,Senior)
0%

Score Distribution

Percentile by Number Answered

Percent of People with Each Score

Your Score History

You have not taken this quiz